000 00668nam a2200229Ii 4500
003 JO-AjNU
008 230605s9999||||xx |||||||||||||| ||und||
017 _a1978/2374
020 _a977-347-213-9
040 _aJO-AjNU
_bara
_erda
_cJO-AjNU
041 _aara
050 1 4 _aDS38.4.U45.K47 1978
100 3 _aخالد، خالد محمد,
_eauthor
_917988
245 0 0 _aبين يدي عمر
250 _aط7
264 3 1 _aالقاهرة: دارالمعارف، 1978
300 _a159ص
336 _atext
_btxt
_2rdacontent
337 _aunmediated
_bn
_2rdamedia
338 _avolume
_bnc
_2rdacarrier
650 4 _aالخليفة عمر بن الخطاب
_917989
999 _aA5669
_c9237
_d9237